000
00302nam a2200109Ia 4500
008
200302s9999 xx 000 0 und d
100
_a
Chandrakant S. Desai & Other
245
_a
Introduction to the Finite Element Method
260
_b
C B S Publishers & Distributors
260
_c
2002
300
_a
477 P.,
999
_c
1877
_d
1877